Advanced power system analysis and Dynamics/ (Record no. 597885)

000 -LEADER
fixed length control field 00325nam a2200121Ia 4500
008 - FIXED-LENGTH DATA ELEMENTS--GENERAL INFORMATION
fixed length control field 230907s9999||||xx |||||||||||||| ||und||
082 ## - DEWEY DECIMAL CLASSIFICATION NUMBER
Classification number 621.31,SIN
100 ## - MAIN ENTRY--PERSONAL NAME
Personal name L P Singh
9 (RLIN) 115220
245 #0 - TITLE STATEMENT
Title Advanced power system analysis and Dynamics/
260 ## - PUBLICATION, DISTRIBUTION, ETC.
Place of publication, distribution, etc. New Academic Science
Name of publisher, distributor, etc. UK
Date of publication, distribution, etc. 2012
300 ## - PHYSICAL DESCRIPTION
Extent xii,469p.:
942 ## - ADDED ENTRY ELEMENTS (KOHA)
Koha item type Book
Holdings
Withdrawn status Lost status Damaged status Not for loan Permanent Location Current Location Date acquired Total Checkouts Full call number Barcode Date last seen Price effective from Koha item type
        US-Pakistan Center for Advanced Studies in Energy (USPCAS-E) US-Pakistan Center for Advanced Studies in Energy (USPCAS-E) 05/21/2018   621.31,SIN CAS-E0001984 05/24/2024 09/12/2023 Book
© 2023 Central Library, National University of Sciences and Technology. All Rights Reserved.